00306 2200145 4500245003400000250001100034100001100045650001600056650001400072005001900086260001800105041001400123084001400137336000900151 aPtongan SayurancCindiehText aCet. 1 aCindie aKarya Siswa aScrapbook a20250526110242 aJakartac2025 aIndonesia a081 CIN p atext